000 00849nam a2200205Ia 4500
003 Ost
005 20260507075024.0
008 260507s9999||||xx |||||||||||||| ||und||
040 _cfsecg
041 _aara
082 _a330
100 _aكنعان، نواف
_eمؤلف
245 0 _aإتخاذ القرارات الإدارية بين النظرية والتطبيق /
_c نواف كنعان
260 _aعمان:
_bدار الثقافة,
_c2003
300 _a474 صفحة؛
_bإيضاحات ؛
_c24 سم
520 _aإتخاذ القرارات- ماهية القرار- عملية إتخاذ القرار-أساليب اتخاذ القرار- أنواع القررات- مشاكل ومعوقات إتخاذ القرارات
653 _aاتخاذ القرارات
653 _aالقرارات الادارية
942 _cكتاب
999 _c42315
_d42315